000 00481nam a2200169Ia 4500
008 180921t2010 xxu||||| |||| 00| 0 sin d
041 _asin
080 _a65.012.4
_bEDI
100 _aEdirisinha,Satischandra
245 _aකාර්ය සාධක නායකත්වය
246 _aKarya Sadaka Nayakathwaya
260 _bMihidu Cultural Foundation
_aKalaniya
_c2010
300 _a55, 21 cm
942 _cBK
999 _c14978
_d14978
003 LK-CoDNM
040 _aLK-CoDNM
_dLK-CoDNM
_eLK-CoDNM